| 000 | 00000nam 2200000za 4500 |
| 001 | 9.816675 |
| 003 | CaOODSP |
| 005 | 20250318082702 |
| 007 | cr ||||||||||| |
| 008 | 160502s1996 onc |o f|0| 0 eng d |
| 020 | |z0-660-16403-5 |
| 040 | |aCaOODSP|beng |
| 041 | |aeng|bfre |
| 043 | |an-cn--- |
| 086 | 1 |aFs41-31/124E-PDF |
| 245 | 00|aGuide to the parasites of fishes of Canada |h[electronic resource] : |bpart IV / |cedited by L. Margolis and Z. Kabata. |
| 260 | |aOttawa : |bDepartment of Fisheries and Oceans, |c1996. |
| 300 | |aix, 373 p. : |bfigs., tables. |
| 490 | 1 |aCanadian Special Publication of Fisheries and Aquatic Sciences ; |v124 |
| 500 | |aThe catalogue number (Fs41-31/124E) and ISBN (0-660-16403-5) for the print edition have been copied in this electronic publication. |
| 504 | |aIncludes bibliographic references. |
| 505 | 0 |aTrematoda (David I. Gibson). |
| 692 | 07|2gccst|aParasites |
| 692 | 07|2gccst|aFish |
| 700 | 1 |aMargolis, L., |d1927- |eed. |
| 700 | 1 |aKabata, Z., |d1924- |eed. |
| 710 | 1 |aCanada. |bDepartment of Fisheries and Oceans. |
| 710 | 2 |aNational Research Council Canada. |
| 830 | #0|aCanadian special publication of fisheries and aquatic sciences ;|v124|w(CaOODSP)9.806457 |
| 856 | 40|qPDF|s6.95 MB|uhttps://publications.gc.ca/collections/collection_2016/mpo-dfo/Fs41-31-124-eng.pdf |
| 986 | |aNRCC No. 40083 |